ბათუმის შოთა რუსთაველის სახელმწიფო უნივერსიტეტის ბიბლიოთეკა

საქართველოს ფლორა (ბიბ.ჩანაწერი № 44571)

000 -LEADER
fixed length control field 00839nam a2200205Ia 4500
001 - CONTROL NUMBER
control field 11374
003 - CONTROL NUMBER IDENTIFIER
control field GE_BSU
008 - FIXED-LENGTH DATA ELEMENTS--GENERAL INFORMATION
fixed length control field 181216s||||||||xx |||||||||||||| ||und||
040 ## - CATALOGING SOURCE
Transcribing agency GE_BSU
080 ## - UNIVERSAL DECIMAL CLASSIFICATION NUMBER
Universal Decimal Classification number 581.9(479.22)
245 ## - TITLE STATEMENT
Title საქართველოს ფლორა
245 ## - TITLE STATEMENT
Statement of responsibility, etc. მთ. რედ. ნ. კეცხოველი, დ. სოსნოვსკი, VII ტომის რედ: ა. ხარაძე შემდგ: ა. დოლუბანოვი, თ. დუმბაძე, ო. კაპელერი და სხვ.
260 ## - PUBLICATION, DISTRIBUTION, ETC.
Place of publication, distribution, etc. თბილისი.
260 ## - PUBLICATION, DISTRIBUTION, ETC.
Name of publisher, distributor, etc. საქ. სსრ მეცნ. აკად. გამ-ბა
260 ## - PUBLICATION, DISTRIBUTION, ETC.
Date of publication, distribution, etc. 1952
300 ## - PHYSICAL DESCRIPTION
Extent 700გვ.24სმ.
300 ## - PHYSICAL DESCRIPTION
Accompanying material ილ.
653 ## - INDEX TERM--UNCONTROLLED
Uncontrolled term საქართველოს ფლორა
942 ## - ADDED ENTRY ELEMENTS (KOHA)
Koha item type წიგნი
ეგზემპლარები
Withdrawn status Lost status Damaged status Not for loan Date acquired Barcode Date last seen Price effective from Koha item type
        2018-12-17 19678 2018-12-17 2018-12-17 წიგნი
        2018-12-17 19679 2018-12-17 2018-12-17 წიგნი
        2018-12-17 19680 2018-12-17 2018-12-17 წიგნი